Financial - economic and implementation problems of motor vehicle tax in selected countries
Gespeichert in:
| 1. Verfasser: | |
|---|---|
| Format: | Buchkapitel |
| Sprache: | Englisch |
| Schlagworte: | |
| Tags: |
Keine Tags, Fügen Sie das erste Tag hinzu!
|
MARC
| LEADER | 00000naa$a2200000$$$4500 | ||
|---|---|---|---|
| 001 | 0226128 | ||
| 005 | 20240502083604.8 | ||
| 041 | 0 | |a eng | |
| 044 | |a BG | ||
| 245 | 1 | 0 | |a Financial - economic and implementation problems of motor vehicle tax in selected countries |c Zuzana Brindzová |
| 610 | 2 | 0 | |a dane ekologické |
| 610 | 2 | 0 | |a dane z vozidiel motorových |
| 610 | 2 | 0 | |a reformy daňové |
| 610 | 2 | 0 | |a Dánsko |
| 610 | 2 | 0 | |a Česko |
| 610 | 2 | 0 | |a Slovensko |
| 610 | 2 | 0 | |a Európska únia |
| 610 | 2 | 0 | |a harmonizácia |
| 100 | 1 | |a Brindzová, Zuzana | |